004030000a22001090004500090001700000245016100017041001400178100003200192942001300224773003900237999001700276 aASbSeriadas10aFactores de interes referentes a la colonización de Haemagogus splendens para experimentos de transmisión con virus de fiebre amarilla en el laboratorio0 aEspañol1 aOsorno Mesa, Ernesto999162 cARTICULO1 tCaldasia345h20q453-463d1947g4 c14764d14764